| 000 | 00679cab a2200229 4500 | ||
|---|---|---|---|
| 001 | ABS56681 | ||
| 008 | 090401t1997 xxu||||| |||| 00| 0 eng d | ||
| 035 | _a(Sirsi) u77146 | ||
| 041 | _aeng | ||
| 100 | _aFanning, D. | ||
| 245 | _aCalling in the troubleshooters | ||
| 260 | _c1997 | ||
| 350 | _a0 | ||
| 490 |
_aEstates Gazette _v(9709) 1 March 1997, 66-68(3) |
||
| 520 | _aProfile of the management consultancy industry. Lists the top ten management consultancies by revenue. | ||
| 650 | _aLEAGUE TABLE | ||
| 650 |
_aManagement consultancy _96255 |
||
| 650 | _aMANAGEMENT CONSULTANTS | ||
| 690 | _aPROPERTY-COMMERCIAL PROPERTY | ||
| 942 | _n0 | ||
| 948 | _c17/03/1997 | ||
| 999 |
_c48489 _d48489 |
||